[Event "Oberliga Ost A"]
[Site "?"]
[Date "2023.02.25"]
[Round "8.4"]
[White "Pikalow, Michael"]
[Black "Hillmann, Michael"]
[Result "1-0"]
[WhiteElo "2006"]
[BlackElo "2094"]
[PlyCount "47"]
[EventDate "2022.09.18"]
[EventType "team-tourn"]
[EventCountry "GER"]
[WhiteTeam "Sangerhausen SV"]
[BlackTeam "Magdeburg USC"]
[WhiteTeamCountry "GER"]
[BlackTeamCountry "GER"]

1. e4 d6 2. d4 Nf6 3. Nc3 g6 4. Be2 c6 5. h4 Nbd7 6. h5 Rg8 7. hxg6 Rxg6 8. g4 h6 9. Be3 e5 10. f3 b5 11. Qd2 b4 12. Na4 exd4 13. Bxd4 Qa5 14. b3 h5 15. Bd3 Rg8 16. gxh5 Nxh5 17. a3 Nhf6 18. axb4 Qc7 19. Qf4 Bg7 20. Ne2 Ke7 21. Ng3 Ne5 22. Nb6 Rb8 23. Nxc8+ Rbxc8 24. Nf5+ 1-0

[Event "Oberliga Ost A"]
[Site "?"]
[Date "2023.02.25"]
[Round "8.5"]
[White "Richter, Dustin"]
[Black "Haubold, Sebastian Marcel"]
[Result "0-1"]
[WhiteElo "2190"]
[BlackElo "1956"]
[PlyCount "96"]
[EventDate "2022.09.18"]
[EventType "team-tourn"]
[EventCountry "GER"]
[WhiteTeam "Magdeburg USC"]
[BlackTeam "Sangerhausen SV"]
[WhiteTeamCountry "GER"]
[BlackTeamCountry "GER"]

1. d4 Nf6 2. Nf3 g6 3. c4 Bg7 4. e3 O-O 5. Be2 d6 6. Nc3 Nbd7 7. O-O e5 8. Qc2 c6 9. Rd1 Qc7 10. b4 Re8 11. b5 e4 12. Nd2 d5 13. cxd5 cxd5 14. Qb3 Qd6 15. Ba3 Qe6 16. b6 a6 17. Na4 h5 18. Rac1 h4 19. Rc7 h3 20. g3 Qf5 21. Rdc1 Nf8 22. Nc5 Rb8 23. Qa4 Ne6 24. Nxe6 Qxe6 25. Qa5 Nd7 26. Bc5 Bf6 27. Qb4 Bd8 28. Bd6 Bxc7 29. bxc7 Ra8 30. Nb3 f5 31. Na5 Ra7 32. Bf4 Qb6 33. Qa4 Qb2 34. Rc2 Qb1+ 35. Bf1 Re6 36. Rc3 Rb6 37. Nb3 Qe1 38. Rc1 Qb4 39. Qxb4 Rxb4 40. Bxh3 Rc4 41. Rb1 b6 42. Nc5 bxc5 43. Rb8 Rxc7 44. Bxc7 Nxb8 45. Bxb8 cxd4 46. exd4 Rxd4 47. a3 Rd1+ 48. Kg2 g5 0-1

[Event "Oberliga Ost A"]
[Site "?"]
[Date "2023.02.25"]
[Round "8.6"]
[White "Haubold, Christian Lucas"]
[Black "Guenther, Christian"]
[Result "0-1"]
[WhiteElo "1935"]
[BlackElo "2132"]
[PlyCount "152"]
[EventDate "2022.09.18"]
[EventType "team-tourn"]
[EventCountry "GER"]
[WhiteTeam "Sangerhausen SV"]
[BlackTeam "Magdeburg USC"]
[WhiteTeamCountry "GER"]
[BlackTeamCountry "GER"]

1. e4 g6 2. d4 Bg7 3. Nc3 d6 4. Be3 a6 5. Qd2 b5 6. a3 Bb7 7. h4 h5 8. f3 Nd7 9. Nge2 Ngf6 10. O-O-O Qc8 11. Bf4 c5 12. dxc5 Qxc5 13. Qe3 Qxe3+ 14. Bxe3 Ne5 15. Nf4 Rc8 16. Nfd5 Nxd5 17. exd5 Nc4 18. Bxc4 Rxc4 19. Ne4 Kd7 20. b3 Rcc8 21. Rhe1 a5 22. Bd4 Bh6+ 23. Kb2 Rhf8 24. Bb6 a4 25. Re2 Ba6 26. Ree1 Rb8 27. Ba5 Rfc8 28. Bb4 Rb7 29. Re2 Rbc7 30. Rde1 Bg7+ 31. Kb1 axb3 32. cxb3 Rf8 33. Ng5 Be5 34. f4 Bxf4 35. Rxe7+ Kc8 36. Rxc7+ Kxc7 37. Re7+ Kb6 38. Nh7 Rd8 39. Rxf7 Be5 40. Nf8 Bc8 41. Nxg6 Bg3 42. Rf3 Bh2 43. Ne7 Bg4 44. Rf6 Be5 45. Rf7 Rd7 46. Kc2 Bg3 47. Kd2 Ka6 48. Rg7 Bxh4 49. Rxg4 hxg4 50. Nf5 Bg5+ 51. Kd3 Bf4 52. Ke4 Be5 53. Nh6 g3 54. Ng4 Re7 55. Kf3 Rf7+ 56. Ke3 Rf5 57. Bd2 Bb2 58. Ke4 Rf2 59. Bf4 Bxa3 60. Ne3 Rb2 61. Bxg3 Rxb3 62. Bf4 Bc1 63. g4 Kb6 64. g5 Kc5 65. g6 Ra3 66. g7 Ra8 67. Nf5 Bxf4 68. Kxf4 b4 69. Ke4 Rb8 70. Nd4 Kc4 71. Nf5 Re8+ 72. Kf3 Kxd5 73. Ne7+ Kc4 74. Nf5 Kc5 75. Ng3 Rg8 76. Ne4+ Kc6 0-1

[Event "Oberliga Ost A"]
[Site "?"]
[Date "2023.02.25"]
[Round "8.8"]
[White "Hanisch, Klaus"]
[Black "Sieber, Martin"]
[Result "0-1"]
[WhiteElo "2069"]
[BlackElo "1943"]
[PlyCount "58"]
[EventDate "2022.09.18"]
[EventType "team-tourn"]
[EventCountry "GER"]
[WhiteTeam "Sangerhausen SV"]
[BlackTeam "Magdeburg USC"]
[WhiteTeamCountry "GER"]
[BlackTeamCountry "GER"]

1. c4 Nf6 2. g3 e6 3. Bg2 c5 4. Nf3 Be7 5. b3 d6 6. Bb2 Nc6 7. O-O O-O 8. d4 cxd4 9. Nxd4 d5 10. cxd5 Nxd5 11. Nxc6 bxc6 12. e4 Nb4 13. a3 Nd3 14. Bc3 Ba6 15. Nd2 Nc5 16. Re1 Rb8 17. Qg4 g6 18. Rad1 Nd3 19. Re3 Bc5 20. Rf3 h5 21. Qh3 Nxf2 22. Rxf2 Qb6 23. Bf6 Bxf2+ 24. Kh1 Qe3 25. Qh4 Be2 26. Bg5 Qc3 27. Rb1 Be3 28. Nf3 Bxf3 29. Bxf3 Bxg5 0-1

[Event "Oberliga Ost A"]
[Site "?"]
[Date "2023.02.26"]
[Round "9.1"]
[White "Pulpan, Jakub"]
[Black "Stein, Robert"]
[Result "1/2-1/2"]
[WhiteElo "2422"]
[BlackElo "2407"]
[PlyCount "83"]
[EventDate "2022.09.18"]
[EventType "team-tourn"]
[EventCountry "GER"]
[WhiteTeam "Magdeburg USC"]
[BlackTeam "Sangerhausen SV"]
[WhiteTeamCountry "GER"]
[BlackTeamCountry "GER"]

1. Nf3 Nf6 2. b3 g6 3. Bb2 Bg7 4. g3 O-O 5. Bg2 d5 6. c4 c6 7. O-O Bg4 8. d3 Bxf3 9. exf3 Nbd7 10. Qe2 e5 11. Nc3 Re8 12. Rfe1 Qb6 13. Na4 Qa5 14. a3 d4 15. Bc1 b5 16. Bd2 Qd8 17. Nb2 Nc5 18. Qd1 bxc4 19. dxc4 a5 20. b4 axb4 21. axb4 Rxa1 22. Qxa1 Nb3 23. Qd1 Nxd2 24. Qxd2 Qc7 25. Nd3 Nd7 26. f4 Rb8 27. Bh3 f5 28. fxe5 Nxe5 29. Qf4 Re8 30. Bg2 Re7 31. Nxe5 Bxe5 32. Qf3 c5 33. bxc5 Qxc5 34. Qa8+ Kg7 35. Bd5 Bd6 36. Qg8+ Kh6 37. Qf8+ Rg7 38. Qf6 Be7 39. Qe5 Bd6 40. Qf6 Be7 41. Qe5 Bd6 42. Qf6 1/2-1/2

[Event "Oberliga Ost A"]
[Site "?"]
[Date "2023.02.26"]
[Round "9.2"]
[White "Niegsch, Nicolas"]
[Black "Cerveny, Martin"]
[Result "0-1"]
[WhiteElo "2309"]
[BlackElo "2397"]
[PlyCount "116"]
[EventDate "2022.09.18"]
[EventType "team-tourn"]
[EventCountry "GER"]
[WhiteTeam "Aue ESV Nickelhuette II"]
[BlackTeam "Loeberitz SG"]
[WhiteTeamCountry "GER"]
[BlackTeamCountry "GER"]

1. d4 Nf6 2. c4 d6 3. Nc3 e5 4. Nf3 Nbd7 5. e4 g6 6. d5 Bg7 7. Bg5 h6 8. Bh4 Nf8 9. Nd2 g5 10. Bg3 Ng6 11. f3 h5 12. Qc2 b6 13. O-O-O g4 14. Kb1 Bh6 15. Bf2 a5 16. c5 bxc5 17. Bb5+ Kf8 18. Nc4 h4 19. Bc6 Ra6 20. Bb5 Ra7 21. Na4 Kg7 22. Rhg1 Nh5 23. fxg4 Bxg4 24. Rdf1 Bf4 25. g3 hxg3 26. hxg3 Bg5 27. Be3 Ra8 28. Qd2 Be7 29. Nc3 Nf6 30. Bg5 Rh5 31. Bxf6+ Bxf6 32. Qf2 Qe7 33. Ne3 Rg5 34. Nf5+ Bxf5 35. exf5 Nf8 36. Ne4 Rg4 37. Qf3 Rxe4 38. Qxe4 Nh7 39. Rh1 Ng5 40. Qh4 e4 41. Qh6+ Kg8 42. Rh5 Nf3 43. Rfh1 Qe5 44. Qc1 a4 45. g4 e3 46. g5 Qxf5+ 47. Qc2 Qxc2+ 48. Kxc2 Bg7 49. Kd3 e2 50. Bc6 e1=Q 51. Rxe1 Nxe1+ 52. Ke2 a3 53. bxa3 Rxa3 54. Kxe1 Rxa2 55. Rh4 Be5 56. Rg4 Kg7 57. Be8 Kg6 58. Re4 Ra8 0-1

[Event "Oberliga Ost A"]
[Site "?"]
[Date "2023.02.26"]
[Round "9.3"]
[White "Solberg, Joachim"]
[Black "Schuetze, Norman"]
[Result "1/2-1/2"]
[WhiteElo "2128"]
[BlackElo "2293"]
[PlyCount "80"]
[EventDate "2022.09.18"]
[EventType "team-tourn"]
[EventCountry "GER"]
[WhiteTeam "Loeberitz SG"]
[BlackTeam "Aue ESV Nickelhuette II"]
[WhiteTeamCountry "GER"]
[BlackTeamCountry "GER"]

1. e4 c5 2. c3 Nf6 3. e5 Nd5 4. Nf3 e6 5. d4 cxd4 6. cxd4 d6 7. Nc3 Nxc3 8. bxc3 Qc7 9. Bd2 Nd7 10. exd6 Bxd6 11. Bd3 b6 12. O-O Bb7 13. Re1 O-O 14. h3 Rac8 15. c4 Bf4 16. Be3 Rfd8 17. a4 Nf6 18. Qe2 Bxe3 19. fxe3 Be4 20. Bxe4 Nxe4 21. Rec1 h6 22. a5 Nd6 23. axb6 axb6 24. c5 Ne4 25. Qc2 Ng5 26. Nxg5 hxg5 27. Qf2 Rd5 28. e4 Rd7 29. Qb2 bxc5 30. Rxc5 Qd8 31. Rxc8 Qxc8 32. Rc1 Qd8 33. Rd1 Qf6 34. Qf2 Kf8 35. Qc2 Kg8 36. d5 exd5 37. exd5 g6 38. Qd3 Qe5 39. d6 Kg7 40. Qd2 Qc5+ 1/2-1/2

[Event "Oberliga Ost A"]
[Site "?"]
[Date "2023.02.26"]
[Round "9.4"]
[White "Pallas, Sebastian"]
[Black "Cerveny, Petr"]
[Result "1-0"]
[WhiteElo "2203"]
[BlackElo "2314"]
[PlyCount "73"]
[EventDate "2022.09.18"]
[EventType "team-tourn"]
[EventCountry "GER"]
[WhiteTeam "Aue ESV Nickelhuette II"]
[BlackTeam "Loeberitz SG"]
[WhiteTeamCountry "GER"]
[BlackTeamCountry "GER"]

1. e4 c5 2. Nf3 d6 3. d4 cxd4 4. Nxd4 Nf6 5. Nc3 a6 6. Bg5 e6 7. f4 h6 8. Bxf6 Qxf6 9. Qd2 g5 10. f5 Nc6 11. O-O-O Qxd4 12. Qxd4 Nxd4 13. Rxd4 Bd7 14. Bc4 O-O-O 15. fxe6 fxe6 16. Rf1 Rh7 17. Rdd1 Be7 18. Ne2 b5 19. Bb3 g4 20. Kb1 Re8 21. Nf4 e5 22. Nd5 Be6 23. Nxe7+ Rexe7 24. Rxd6 Bxb3 25. axb3 Rhf7 26. Rff6 Rxf6 27. Rxf6 Rd7 28. Kc1 Kb7 29. Rg6 h5 30. Rg5 Rf7 31. Rf5 Rxf5 32. exf5 Kc6 33. Kd2 e4 34. Ke3 Kd5 35. f6 Ke6 36. Kxe4 Kxf6 37. Kd5 1-0

[Event "Oberliga Ost A"]
[Site "?"]
[Date "2023.02.26"]
[Round "9.5"]
[White "Heinz, Thomas"]
[Black "Otikova, Elina"]
[Result "0-1"]
[WhiteElo "2124"]
[BlackElo "2103"]
[PlyCount "74"]
[EventDate "2022.09.18"]
[EventType "team-tourn"]
[EventCountry "GER"]
[WhiteTeam "Loeberitz SG"]
[BlackTeam "Aue ESV Nickelhuette II"]
[WhiteTeamCountry "GER"]
[BlackTeamCountry "GER"]

1. e4 e5 2. Bc4 Nf6 3. Nc3 Bc5 4. d3 c6 5. Nf3 d6 6. d4 exd4 7. Nxd4 O-O 8. Bg5 Nbd7 9. O-O Ne5 10. Bb3 h6 11. Bh4 Ng6 12. Bg3 Re8 13. Qd3 Ne5 14. Qd2 Nh5 15. Rad1 Nxg3 16. hxg3 Qf6 17. Qf4 Qg6 18. Nf5 Bxf5 19. Qxf5 Qxf5 20. exf5 d5 21. Rde1 Ng4 22. Nd1 a5 23. c3 Ne5 24. Ne3 Nd3 25. Re2 a4 26. Bc2 Nxb2 27. Rfe1 f6 28. Kf1 Kf7 29. g4 b5 30. f4 b4 31. cxb4 Bxb4 32. Rb1 Bc3 33. g5 hxg5 34. fxg5 fxg5 35. Kf2 d4 36. Ng4 d3 37. Bb3+ axb3 0-1

[Event "Oberliga Ost A"]
[Site "?"]
[Date "2023.02.26"]
[Round "9.6"]
[White "Mertens, Fridolin"]
[Black "Heinz, Juergen"]
[Result "0-1"]
[WhiteElo "2134"]
[BlackElo "2154"]
[PlyCount "80"]
[EventDate "2022.09.18"]
[EventType "team-tourn"]
[EventCountry "GER"]
[WhiteTeam "Aue ESV Nickelhuette II"]
[BlackTeam "Loeberitz SG"]
[WhiteTeamCountry "GER"]
[BlackTeamCountry "GER"]

1. e4 Nf6 2. e5 Nd5 3. d4 d6 4. Bc4 Nb6 5. Bb3 Nc6 6. e6 fxe6 7. Nf3 g6 8. Ng5 Bg7 9. Bxe6 Rf8 10. d5 Nd4 11. Nxh7 Nxe6 12. dxe6 Rf5 13. O-O Bxe6 14. Qg4 Kd7 15. Qxg6 Qh8 16. Ng5 Rxg5 17. Bxg5 Rg8 18. Re1 Be5 19. Qh6 Rxg5 20. Qxh8 Bxh8 21. Nc3 Bxc3 22. bxc3 Nd5 23. c4 Nb4 24. Re4 Bf5 25. Rh4 Nxc2 26. Rd1 c5 27. f4 Rg7 28. Kf2 Be4 29. g4 Nd4 30. Ke3 d5 31. cxd5 Bxd5 32. f5 Kd6 33. Kf4 Ne2+ 34. Ke3 Nc3 35. Rg1 b5 36. g5 Bxa2 37. g6 Nd5+ 38. Kd2 Nf6 39. Ra1 Bd5 40. Rxa7 Ke5 0-1

[Event "Oberliga Ost A"]
[Site "?"]
[Date "2023.02.26"]
[Round "9.7"]
[White "Kunze, Kerstin"]
[Black "Boehm, Christian"]
[Result "1/2-1/2"]
[WhiteElo "2014"]
[BlackElo "2074"]
[PlyCount "62"]
[EventDate "2022.09.18"]
[EventType "team-tourn"]
[EventCountry "GER"]
[WhiteTeam "Loeberitz SG"]
[BlackTeam "Aue ESV Nickelhuette II"]
[WhiteTeamCountry "GER"]
[BlackTeamCountry "GER"]

1. e4 c6 2. d4 d5 3. Nc3 dxe4 4. Nxe4 Nf6 5. Nxf6+ exf6 6. Nf3 Bd6 7. Bd3 O-O 8. O-O Bg4 9. h3 Bh5 10. Be4 Re8 11. Qd3 Bg6 12. Bxg6 hxg6 13. Bd2 Nd7 14. Rad1 Nf8 15. Be3 Qd7 16. c4 Rad8 17. Qb3 g5 18. d5 c5 19. Qb5 Qc8 20. b4 Nd7 21. bxc5 Nxc5 22. Bxc5 Bxc5 23. Nd4 a6 24. Qb1 g4 25. hxg4 Qxg4 26. Nb3 Ba3 27. Rd4 Qh5 28. Qd1 Qh6 29. Qd2 Qh5 30. Qd1 Qh6 31. Qd2 Qh5 1/2-1/2

[Event "Oberliga Ost A"]
[Site "?"]
[Date "2023.02.26"]
[Round "9.8"]
[White "Schindler, Christian"]
[Black "Poessel, Christian"]
[Result "0-1"]
[WhiteElo "2150"]
[BlackElo "2000"]
[PlyCount "70"]
[EventDate "2022.09.18"]
[EventType "team-tourn"]
[EventCountry "GER"]
[WhiteTeam "Aue ESV Nickelhuette II"]
[BlackTeam "Loeberitz SG"]
[WhiteTeamCountry "GER"]
[BlackTeamCountry "GER"]

1. d4 Nf6 2. Nf3 e6 3. c4 b6 4. Bg5 Bb7 5. e3 Bb4+ 6. Nbd2 h6 7. Bxf6 Qxf6 8. Be2 O-O 9. a3 Bd6 10. Qc2 Qd8 11. e4 Be7 12. Rc1 d6 13. O-O Nd7 14. b4 c5 15. bxc5 bxc5 16. Rb1 Rb8 17. Qa4 cxd4 18. Qxa7 Nc5 19. Nxd4 Ra8 20. Qb6 Rxa3 21. Rfd1 Ra2 22. Bf3 Bf6 23. Qxd8 Rxd8 24. N4b3 Ba6 25. Be2 Na4 26. Nc1 Ra3 27. Rb3 Rxb3 28. Ncxb3 Nc3 29. Re1 Nxe2+ 30. Rxe2 Rc8 31. Re1 Bxc4 32. Nxc4 Rxc4 33. Rd1 Rxe4 34. f3 Rb4 35. Na5 d5 0-1

[Event "Oberliga Ost A"]
[Site "?"]
[Date "2023.02.26"]
[Round "9.1"]
[White "Mastrovasilis, Dimitrios"]
[Black "Belous, Mikhail"]
[Result "1/2-1/2"]
[WhiteElo "2599"]
[BlackElo "2390"]
[PlyCount "133"]
[EventDate "2022.09.18"]
[EventType "team-tourn"]
[EventCountry "GER"]
[WhiteTeam "Loeberitz SG"]
[BlackTeam "Aue ESV Nickelhuette II"]
[WhiteTeamCountry "GER"]
[BlackTeamCountry "GER"]

1. e4 c5 2. Nf3 d6 3. Bb5+ Nd7 4. c3 a6 5. Ba4 b5 6. Bc2 e6 7. d4 Qc7 8. O-O Ngf6 9. Re1 Be7 10. Nbd2 Bb7 11. Nf1 O-O 12. Ng3 Rfc8 13. Bd3 g6 14. Bg5 e5 15. Qd2 b4 16. dxe5 dxe5 17. cxb4 cxb4 18. Rac1 Qd6 19. Bc4 Qxd2 20. Bxd2 Ne8 21. b3 Kg7 22. Red1 Rc7 23. a3 a5 24. axb4 axb4 25. Bb5 Rxc1 26. Bxc1 Nc5 27. Nxe5 Bf6 28. Ng4 Bc3 29. Bh6+ Kh8 30. e5 f5 31. exf6 Nxf6 32. Nxf6 Bxf6 33. Bc4 Ba6 34. Bf7 Bb5 35. Be3 Nd3 36. Ne4 Be5 37. Bh6 Ra7 38. Be6 Re7 39. Bd5 Rd7 40. Be6 Re7 41. Bg4 Bxh2+ 42. Kxh2 Rxe4 43. f3 Re8 44. Kg3 Kg8 45. Ra1 Ne5 46. Ra7 Nxg4 47. Kxg4 Bc6 48. Rg7+ Kh8 49. Rc7 Bd5 50. Bg7+ Kg8 51. Bd4 Bxb3 52. Rg7+ Kf8 53. Rxh7 Bf7 54. Kg5 Ke7 55. f4 Ke6 56. g4 b3 57. Bf6 Rg8 58. Bb2 Ke7 59. Ba3+ Ke6 60. Rh2 Rb8 61. Rd2 Be8 62. Kh6 Ra8 63. Rd6+ Kf7 64. Bb2 Ra2 65. Be5 Rg2 66. Rxg6 b2 67. f5 1/2-1/2

[Event "Oberliga Ost A"]
[Site "?"]
[Date "2023.02.26"]
[Round "9.2"]
[White "Matthey, Harald"]
[Black "Zawadzka, Jolanta"]
[Result "0-1"]
[WhiteElo "2106"]
[BlackElo "2391"]
[PlyCount "60"]
[EventDate "2022.09.18"]
[EventType "team-tourn"]
[EventCountry "GER"]
[WhiteTeam "Plauen SK Koenig"]
[BlackTeam "Dessau SK"]
[WhiteTeamCountry "GER"]
[BlackTeamCountry "GER"]

1. Nf3 d5 2. g3 Nf6 3. Bg2 Bg4 4. O-O Nbd7 5. h3 Bh5 6. d4 e6 7. c4 c6 8. Qb3 Qb6 9. c5 Qa6 10. Qe3 Be7 11. b4 b6 12. Nbd2 O-O 13. Nb3 bxc5 14. bxc5 Rab8 15. Qd3 Qa4 16. Bf4 Bg6 17. Qd1 Rb7 18. Nh4 Ne8 19. Nxg6 hxg6 20. Bd2 Bd8 21. e4 dxe4 22. Bxe4 Nef6 23. Bc2 Qc4 24. Re1 Nd5 25. Rc1 Qa6 26. Bb1 Bf6 27. f4 Rd8 28. Ba5 Rxb3 29. Bxd8 Rxg3+ 30. Kh2 Qa3 0-1

[Event "Oberliga Ost A"]
[Site "?"]
[Date "2023.02.26"]
[Round "9.3"]
[White "Burian, Simon"]
[Black "Schubert, Ralf"]
[Result "1/2-1/2"]
[WhiteElo "2133"]
[BlackElo "2096"]
[PlyCount "79"]
[EventDate "2022.09.18"]
[EventType "team-tourn"]
[EventCountry "GER"]
[WhiteTeam "Dessau SK"]
[BlackTeam "Plauen SK Koenig"]
[WhiteTeamCountry "GER"]
[BlackTeamCountry "GER"]

1. e4 d6 2. d4 Nf6 3. f3 c6 4. c4 g6 5. Nc3 Bg7 6. Be3 O-O 7. Nge2 Na6 8. Qd2 Nc7 9. d5 Bd7 10. a4 c5 11. Ng3 b6 12. Be2 a6 13. O-O Qb8 14. Rab1 b5 15. axb5 axb5 16. b4 cxb4 17. Nxb5 Na6 18. Bd4 Rc8 19. Qe3 Ne8 20. Bxg7 Kxg7 21. f4 Nec7 22. Nd4 Nc5 23. e5 N7a6 24. e6 Be8 25. f5 f6 26. fxg6 Bxg6 27. Ngf5+ Kh8 28. Nc6 Rxc6 29. dxc6 Qc7 30. Rbd1 Rg8 31. Rd4 Bxf5 32. Rxf5 Qxc6 33. Bf3 Qc8 34. Rh4 Rg7 35. Bd5 b3 36. Rf1 Nb4 37. Qc3 Nbd3 38. Rb1 Qd8 39. Rd4 Qb6 40. Kf1 1/2-1/2

[Event "Oberliga Ost A"]
[Site "?"]
[Date "2023.02.26"]
[Round "9.4"]
[White "Mirschinka, Dirk"]
[Black "Zaehringer, Daniel"]
[Result "0-1"]
[WhiteElo "2196"]
[BlackElo "2147"]
[PlyCount "82"]
[EventDate "2022.09.18"]
[EventType "team-tourn"]
[EventCountry "GER"]
[WhiteTeam "Plauen SK Koenig"]
[BlackTeam "Dessau SK"]
[WhiteTeamCountry "GER"]
[BlackTeamCountry "GER"]

1. Nf3 d5 2. g3 Nf6 3. Bg2 Bf5 4. c4 c6 5. cxd5 cxd5 6. Qb3 Qb6 7. Nc3 Qxb3 8. axb3 Nc6 9. O-O e6 10. Nb5 Rc8 11. Nbd4 Nxd4 12. Nxd4 Bg4 13. d3 Bc5 14. Nf3 O-O 15. b4 Bb6 16. h3 Bxf3 17. Bxf3 Rc2 18. Rb1 Rfc8 19. Rd1 Nd7 20. Be3 Bxe3 21. fxe3 Ne5 22. Kf2 Kf8 23. Bg2 Ke7 24. Ke1 a6 25. Rd2 Rc1+ 26. Rxc1 Rxc1+ 27. Kf2 b5 28. e4 Kd6 29. exd5 exd5 30. d4 Nc6 31. e4 Nxb4 32. exd5 Nxd5 33. Be4 h6 34. Bf3 a5 35. Be2 b4 36. b3 Rc3 37. Bc4 a4 38. Bxd5 Kxd5 39. bxa4 Ra3 40. Rb2 Rxa4 41. Ke3 Ra3+ 0-1

[Event "Oberliga Ost A"]
[Site "?"]
[Date "2023.02.26"]
[Round "9.5"]
[White "Kunze, Carlo"]
[Black "Ozeran, Volodymyr"]
[Result "1-0"]
[WhiteElo "2278"]
[BlackElo "2079"]
[PlyCount "57"]
[EventDate "2022.09.18"]
[EventType "team-tourn"]
[EventCountry "GER"]
[WhiteTeam "Dessau SK"]
[BlackTeam "Plauen SK Koenig"]
[WhiteTeamCountry "GER"]
[BlackTeamCountry "GER"]

1. d4 d5 2. c4 e6 3. Nc3 Nf6 4. Bg5 Be7 5. e3 h6 6. Bh4 O-O 7. Nf3 Nbd7 8. Qc2 dxc4 9. Bxc4 c5 10. O-O cxd4 11. Nxd4 Ne5 12. Be2 a6 13. Rfd1 Bd7 14. Bg3 Nc6 15. Nxc6 bxc6 16. Ne4 Nxe4 17. Qxe4 Qc8 18. Bf3 Qb7 19. Be5 Rfd8 20. Rd3 Be8 21. Rb3 Qd7 22. Bd4 c5 23. Rb7 Qd6 24. Be5 f5 25. Qf4 Qd3 26. Rxe7 g5 27. Qg3 Kf8 28. Rc7 Bf7 29. h4 1-0

[Event "Oberliga Ost A"]
[Site "?"]
[Date "2023.02.26"]
[Round "9.6"]
[White "Erler, Rainer"]
[Black "Hoerr, Matthias"]
[Result "1/2-1/2"]
[WhiteElo "2110"]
[BlackElo "2071"]
[PlyCount "91"]
[EventDate "2022.09.18"]
[EventType "team-tourn"]
[EventCountry "GER"]
[WhiteTeam "Plauen SK Koenig"]
[BlackTeam "Dessau SK"]
[WhiteTeamCountry "GER"]
[BlackTeamCountry "GER"]

1. e4 c5 2. Nc3 e6 3. Nge2 Nc6 4. g3 d5 5. exd5 exd5 6. Bg2 d4 7. Nd5 Nf6 8. Nef4 Nxd5 9. Nxd5 Bd6 10. O-O O-O 11. d3 Be6 12. Nf4 Bf5 13. h3 Re8 14. a3 Qc8 15. Kh2 Qd7 16. Qf3 Rab8 17. Bd2 Ne5 18. Qd5 Qc7 19. Rae1 Bd7 20. Qb3 b5 21. Nd5 Qc8 22. f4 Ng6 23. Rxe8+ Bxe8 24. f5 Ne5 25. Bf4 Qxf5 26. Re1 Qe6 27. c3 Bc6 28. cxd4 cxd4 29. Ne7+ Qxe7 30. Bxc6 Rd8 31. Qd1 Qc7 32. Bg2 Ng6 33. Bxd6 Qxd6 34. Qe2 h6 35. Qe4 a5 36. Qf5 Qd7 37. Qxd7 Rxd7 38. Bc6 Re7 39. Rxe7 Nxe7 40. Bxb5 g5 41. Kg2 Kg7 42. Kf3 f5 43. Bd7 Kf6 44. b4 axb4 45. axb4 Ke5 46. Be8 1/2-1/2

[Event "Oberliga Ost A"]
[Site "?"]
[Date "2023.02.26"]
[Round "9.7"]
[White "Sandner, Gunter"]
[Black "Leibovitch, Iziaslav"]
[Result "1/2-1/2"]
[WhiteElo "2225"]
[BlackElo "2077"]
[PlyCount "53"]
[EventDate "2022.09.18"]
[EventType "team-tourn"]
[EventCountry "GER"]
[WhiteTeam "Dessau SK"]
[BlackTeam "Plauen SK Koenig"]
[WhiteTeamCountry "GER"]
[BlackTeamCountry "GER"]

1. d4 Nf6 2. Nf3 g6 3. c4 Bg7 4. g3 O-O 5. Bg2 d6 6. O-O Nc6 7. Nc3 Bf5 8. d5 Na5 9. Nd4 Bd7 10. b3 c5 11. dxc6 Nxc6 12. Bb2 Nxd4 13. Qxd4 Ng4 14. Qd2 Bh6 15. e3 Bc6 16. Nd5 e6 17. Nc3 Qb6 18. Qe2 Bxg2 19. Kxg2 f5 20. h3 Qc6+ 21. Kg1 Ne5 22. f4 Nf7 23. Rad1 a6 24. a4 Qb6 25. Ba1 Rac8 26. Qd3 Bg7 27. Ne2 1/2-1/2

[Event "Oberliga Ost A"]
[Site "?"]
[Date "2023.02.26"]
[Round "9.8"]
[White "Schaefer, Sven"]
[Black "Fischer, Erik"]
[Result "0-1"]
[WhiteElo "1985"]
[BlackElo "2053"]
[PlyCount "88"]
[EventDate "2022.09.18"]
[EventType "team-tourn"]
[EventCountry "GER"]
[WhiteTeam "Plauen SK Koenig"]
[BlackTeam "Dessau SK"]
[WhiteTeamCountry "GER"]
[BlackTeamCountry "GER"]

1. e4 c5 2. Nf3 e6 3. d4 cxd4 4. Nxd4 Nc6 5. Nb5 d6 6. c4 Nf6 7. N1c3 a6 8. Na3 Qa5 9. Bd3 d5 10. exd5 exd5 11. cxd5 Nxd5 12. Nc4 Nxc3 13. Qd2 Qd5 14. bxc3 Qxg2 15. Qe2+ Be6 16. Be4 Qg4 17. Bxc6+ bxc6 18. Qxg4 Bxg4 19. Ne5 Be6 20. Bf4 f6 21. Nd3 Kf7 22. O-O Rd8 23. Rfd1 Be7 24. Be3 Rd5 25. Nb4 Rxd1+ 26. Rxd1 Bxb4 27. cxb4 Bxa2 28. Kg2 Ke6 29. Bc5 Bd5+ 30. Kg3 Kf5 31. Ra1 h5 32. h4 Ra8 33. Ra3 g6 34. Ra1 g5 35. hxg5 fxg5 36. Bd6 Rd8 37. Bc7 Rd7 38. Bb6 Re7 39. Be3 Re4 40. Bc5 Rg4+ 41. Kh3 Rg2 42. Rd1 g4+ 43. Kh4 Rh2+ 44. Kg3 Rh3# 0-1

[Event "Oberliga Ost A"]
[Site "?"]
[Date "2023.02.26"]
[Round "9.1"]
[White "Mazur, Stefan"]
[Black "Dahl, Christoph"]
[Result "1/2-1/2"]
[WhiteElo "2440"]
[BlackElo "2368"]
[PlyCount "117"]
[EventDate "2022.09.18"]
[EventType "team-tourn"]
[EventCountry "GER"]
[WhiteTeam "Dessau SK"]
[BlackTeam "Plauen SK Koenig"]
[WhiteTeamCountry "GER"]
[BlackTeamCountry "GER"]

1. e4 c5 2. Nf3 d6 3. Nc3 Nf6 4. e5 dxe5 5. Nxe5 a6 6. g3 e6 7. Bg2 Be7 8. O-O O-O 9. d3 Nbd7 10. Nc4 Nb6 11. Qe2 Nbd5 12. Bd2 b5 13. Nxd5 exd5 14. Ba5 Qe8 15. Nb6 Bd8 16. Qxe8 Rxe8 17. Nxd5 Nxd5 18. Bxd5 Rb8 19. Rfe1 Be6 20. Bxd8 Rbxd8 21. Bxe6 Rxe6 22. Rxe6 fxe6 23. Kf1 Kf7 24. Ke2 Ke7 25. Ke3 Kf6 26. c3 Rb8 27. f4 Kf5 28. h3 h5 29. Rd1 g6 30. g4+ hxg4 31. hxg4+ Kf6 32. Rh1 Kg7 33. Ke4 Rd8 34. d4 cxd4 35. cxd4 Rc8 36. Rh2 Rc1 37. Ke5 Re1+ 38. Kd6 Re4 39. f5 exf5 40. gxf5 Rxd4+ 41. Ke5 Rc4 42. fxg6 Kxg6 43. Rf2 Kg7 44. Kd5 Kg6 45. Ke5 Kg7 46. Ke6 Rd4 47. Ke7 Re4+ 48. Kd6 Rc4 49. b3 Rc3 50. Rf5 Rc2 51. a4 Rb2 52. Kc7 Rxb3 53. axb5 Rxb5 54. Rf1 Kg6 55. Ra1 a5 56. Kc6 Rf5 57. Kb6 Kf6 58. Rxa5 Rxa5 59. Kxa5 1/2-1/2

[Event "Oberliga Ost A"]
[Site "?"]
[Date "2023.02.26"]
[Round "9.2"]
[White "Rudolf, Sebastian"]
[Black "Fuchs, Florian"]
[Result "0-1"]
[WhiteElo "2317"]
[BlackElo "2338"]
[PlyCount "80"]
[EventDate "2022.09.18"]
[EventType "team-tourn"]
[EventCountry "GER"]
[WhiteTeam "Reichenbrand SV Eiche"]
[BlackTeam "Dresden SG Gruen Weiss"]
[WhiteTeamCountry "GER"]
[BlackTeamCountry "GER"]

1. e4 c5 2. Nf3 Nc6 3. Bb5 g6 4. Bxc6 dxc6 5. d3 Bg7 6. h3 Nf6 7. Nc3 O-O 8. O-O b6 9. Be3 e5 10. Qd2 Ne8 11. Nh2 Nc7 12. f4 exf4 13. Bxf4 Ne6 14. Bh6 Bxh6 15. Qxh6 Qg5 16. Qxg5 Nxg5 17. b3 Kg7 18. Ne2 Bd7 19. Nf3 Nxf3+ 20. Rxf3 Rae8 21. Nc3 Re5 22. Raf1 Be6 23. a4 Rd8 24. Kf2 Kf8 25. Nd1 b5 26. Ke3 bxa4 27. bxa4 Rd4 28. Nc3 Ke7 29. Rb1 Rb4 30. Rff1 f5 31. Kf3 a5 32. Kf4 Kd6 33. Rxb4 axb4 34. Ne2 c4 35. Rb1 cxd3 36. cxd3 c5 37. Ng3 g5+ 38. Kf3 fxe4+ 39. Nxe4+ Kd5 40. Nxc5 Rf5+ 0-1